| 000 | 00406nam a2200181Ia 4500 | ||
|---|---|---|---|
| 001 | 1384 | ||
| 005 | 20260306143724.0 | ||
| 008 | 260306t2012||||xx |||||||||||||| ||spa|| | ||
| 041 | _aESP | ||
| 082 |
_a152.42 _bCH244 |
||
| 100 |
_aChittister, Joan _eAUT |
||
| 245 | 0 | _aLa felicidad | |
| 260 | _c2012 | ||
| 300 |
_a278 páginas : _c20 cm. |
||
| 650 | _aGEN | ||
| 654 | _aCPS | ||
| 942 |
_cLIB _dJUS _fJUS _2ddc _n |
||
| 999 |
_c1384 _d1384 |
||